Statistiques concernant Départements Limitrophes Des Deux-Sèvres

Cliquez ici pour prendre le quiz!

Statistiques générales

  • Ce quiz a été pris 41 fois
  • Le résultat moyen est 5 sur 5

Statistiques - réponses

Départements% Correct
Charente
100%
Vienne
100%
Charente-Maritime
97%
Vendée
97%
Maine-et-Loire
92%

Distribution des résultats

Percentile par nombre de réponses

% des personnes avec chaque résultat

Votre développement - résultats

Vous n’avez pas pris ce quiz